000 00584nam a2200217Ia 4500
003 OSt
005 20220926044601.0
006 a|||||r|||| 00| 0
007 ta
008 220923b |||||||| |||| 00| 0 eng d
037 _cGeneral Book
040 _aRTL
_cRTL
_beng
041 _2eng
_aeng
082 _aX:8M4, J9
100 _aRiebel John P
_9349204
245 0 _aHow to write successful business letters in 15 day
260 _c1959
650 _aCorrespondence Management
_9247795
942 _hX:8M4, J9
_cGB
_2CC
999 _c675265
_d675265